| 000 | 00347nam a22001217a 4500 | ||
|---|---|---|---|
| 999 |
_c523419 _d523419 |
||
| 020 | _a9789350008522 | ||
| 082 | _aC4x54 Au76 | ||
| 100 |
_aAustin, Granville _939919 |
||
| 245 |
_aBhartiya samvidhaan: rashtra ki aadharshila _cby Granville Austin |
||
| 260 |
_aNew Delhi _bVaani _c2017 |
||
| 300 | _a536p. | ||
| 650 |
_aConstitutional law - India _939920 |
||